00469nam a2200145Ia 4500008004100000024001500041082001900056100001800075245001900093260002500112600002100137650003800158952011000196999001700306250506s9999 xx 000 0 und d a10B-111-BS a330.178072 NAV aNaveed Asghar 0aSmart Bill Pay aKarachi:bUIT,c2010 aComputer Science aBachelor of Computer Science (BS) 001040708PR-CSaUITUbUITUd2022-07-26l0o330.178072 NAVpBS-535r2025-05-06 11:34:38w2025-05-06yPR c28793d28793